000 00445nam a22001457a 4500
005 20150311160713.0
008 150311b xxu||||| |||| 00| 0 eng d
040 _cPK-LaUMT
082 _aKHC 954.92
_bSAF-S
100 _aصفدر محمود
245 _aسقوط مشرقی پاکستان
_bتاریخی و سیاسی تجزیہ
_cصفدر محمود
260 _aلاہور
_bمیری لائبریری
_c1977
300 _a205 ص
942 _cBK
999 _c67723
_d67723